Wszystkie kluby z niemieckiej Bundesligi - Statystyki

Ogólne statystyki
  • Ten quiz został rozwiązany 97 razy
  • Średni wynik to 19 z 57
Statystyki odpowiedzi
Klub Debiut % Poprawnych
Bayern Munich 1965
100%
Borussia Dortmund 1963
99%
Bayer 04 Leverkusen 1979
84%
1. FC Union Berlin 2019
79%
RB Leipzig 2016
78%
VfL Wolfsburg 1997
72%
Werder Bremen 1963
71%
1. FC Köln 1963
69%
Eintracht Frankfurt 1963
66%
FC Schalke 04 1963
66%
Hertha BSC 1963
66%
Hamburger SV 1963
65%
Borussia Mönchengladbach 1965
63%
TSG 1899 Hoffenheim 2008
63%
FC Augsburg 2011
57%
VfB Stuttgart 1963
54%
VfL Bochum 1971
53%
1. FC Heidenheim 2023
51%
SC Freiburg 1993
50%
Hannover 96 1964
49%
1. FSV Mainz 05 2004
43%
Fortuna Düsseldorf 1966
41%
1. FC Kaiserslautern 1963
40%
FC St. Pauli 1977
37%
Dynamo Dresden 1991
34%
SV Darmstadt 98 1978
34%
1. FC Nürnberg 1963
32%
Arminia Bielefeld 1970
32%
FC Hansa Rostock 1991
29%
SpVgg Greuther Fürth 2012
29%
SC Paderborn 07 2014
28%
FC Ingolstadt 04 2015
26%
Eintracht Braunschweig 1963
25%
FC Energie Cottbus 2000
19%
MSV Duisburg 1963
15%
TSV 1860 Munich 1963
12%
Karlsruher SC 1963
10%
1. FC Saarbrücken 1963
9%
Alemannia Aachen 1967
9%
Rot-Weiss Essen 1966
7%
SSV Ulm 1846 1999
7%
KFC Uerdingen 05 (dawniej Bayer 05 Uerdingen) 1975
4%
SC Fortuna Köln 1973
4%
SpVgg Unterhaching 1999
4%
Stuttgarter Kickers 1988
3%
Tasmania 1900 Berlin 1965
3%
1. FC Lokomotive Leipzig (dawniej VfB Leipzig) 1993
1%
Kickers Offenbach 1968
1%
Blau-Weiß 1890 Berlin 1986
0%
Borussia Neunkirchen 1964
0%
FC 08 Homburg 1986
0%
Preußen Münster 1963
0%
Rot-Weiß Oberhausen 1969
0%
SG Wattenscheid 09 1990
0%
SV Waldhof Mannheim 1983
0%
Tennis Borussia Berlin 1974
0%
Wuppertaler SV 1972
0%
Nie znaleziono quizów pasujących do podanych kryteriów
Rozkład punktacji
Procent ludzi z każdym wynikiem
Percentyl według liczby udzielonych odpowiedzi
Twoja historia wyników
Nie rozwiązałeś tego quizu